Pediatría. T.1. (Registro nro. 828)
[ vista simple ]
| 000 -LEADER | |
|---|---|
| fixed length control field | 00939 am a2200325 a 4500 |
| 005 - FECHA ULTIMA MODIFICACION | |
| control field | 20201118133050.0 |
| 008 - CAMPO DE CONTROL (LIBRO) | |
| fixed length control field | 100331s1985||||ag ||||f |||| 001 0 spa d |
| 020 ## - INTERNATIONAL STANDARD BOOK NUMBER | |
| ISBN | S/N |
| 041 ## - CODIGO DE IDIOMA | |
| Código de idioma del texto/pista de sonido o título separado | spa |
| 092 ## - SIGNATURA TOPOGRAFICA DEWEY LOCAL | |
| número de clasificación | 618.92 |
| libristica | 68 |
| Classification number | PED |
| 245 ## - TITULO PROPIAMENTE DICHO | |
| Título | Pediatría. T.1. |
| Mención de responsabilidad y remanente de la transcripción de la portada | Julio Meneghello R. |
| Número de la parte/sección de la obra | T.1. |
| 250 ## - MENCION DE EDICION | |
| Mención de edición | 3a ed. |
| 260 ## - PIE DE IMPRENTA | |
| Lugar de publicación, distribución, etc | Santiago [Chile] : |
| Nombre de la editorial, distribuidor, etc | Mediterraneo, |
| Fecha de publicación | 1985. |
| 300 ## - DESCRIPCION FISICA | |
| Extension | 1-695 p. |
| 653 ## - TÉRMINO INDIZADO - PALABRAS CLAVES | |
| Palabra clave | Pediatría |
| 653 ## - TÉRMINO INDIZADO - PALABRAS CLAVES | |
| Palabra clave | Crecimiento y Desarrollo |
| 653 ## - TÉRMINO INDIZADO - PALABRAS CLAVES | |
| Palabra clave | Adolescencia |
| 653 ## - TÉRMINO INDIZADO - PALABRAS CLAVES | |
| Palabra clave | Nutrición y Alimentación |
| 653 ## - TÉRMINO INDIZADO - PALABRAS CLAVES | |
| Palabra clave | Recién Nacido |
| 653 ## - TÉRMINO INDIZADO - PALABRAS CLAVES | |
| Palabra clave | Inmunología |
| 653 ## - TÉRMINO INDIZADO - PALABRAS CLAVES | |
| Palabra clave | Alergia y Enfermedades Relacionadas |
| 653 ## - TÉRMINO INDIZADO - PALABRAS CLAVES | |
| Palabra clave | Enfermedades del Complejo Inmunitario |
| 653 ## - TÉRMINO INDIZADO - PALABRAS CLAVES | |
| Palabra clave | Enfermedades Infecciosas y Parasitarias |
| 700 1# - ENTRADAS SECUNDARIAS - NOMBRE PERSONAL | |
| Nombre personal | Meneghello R., Julio |
| 9 (RLIN) | 734 |
| 700 1# - ENTRADAS SECUNDARIAS - NOMBRE PERSONAL | |
| Nombre personal | Fanta N. Enrique. |
| 9 (RLIN) | 735 |
| 700 1# - ENTRADAS SECUNDARIAS - NOMBRE PERSONAL | |
| Nombre personal | Macaya C. Juan. |
| 9 (RLIN) | 736 |
| 700 1# - ENTRADAS SECUNDARIAS - NOMBRE PERSONAL | |
| Nombre personal | Soriano P. Humberto. |
| 9 (RLIN) | 347 |
| 930 ## - NUMERO DE INVENTARIO | |
| Número de inventario | 2267 |
| 942 ## - ADDED ENTRY ELEMENTS (KOHA) | |
| Source of classification or shelving scheme | Dewey Decimal Classification |
| Item type | Libros |
| Estado de retiro | Existencia | Fuente de clasificación | Estado general | Uso restringido | No para prestamo | Ubicación permanente | ubicación actual | Sala de ubicación | Fecha de adquisición | Total Checkouts | Número de clasificación | Código de barras | Date last seen | Date last borrowed | Número de ejemplar | Price effective from | Koha tipo de elemento (item) | Public note | Coded location qualifier |
|---|---|---|---|---|---|---|---|---|---|---|---|---|---|---|---|---|---|---|---|
| Dewey Decimal Classification | Restricted Access | Not For Loan | Biblioteca Medicina | Biblioteca Medicina | Circulación | 13/05/2011 | 2 | 618.92 51 MEN | 2267 | 01/04/2015 | 30/03/2015 | ej.1 | 13/05/2011 | Libros | Baja 2017 (Caja nro 3) | ||||
| Dewey Decimal Classification | Restricted Access | Not For Loan | Biblioteca Medicina | Biblioteca Medicina | Circulación | 16/11/2011 | 618.92 51 MEN | 2464 | 06/11/2014 | ej.3 | 16/11/2011 | Libros | Baja 2017 (Caja nro 10) |